Szczegóły MARC21

Arte sacra e letteratura dal Rinascimento al Barocco : Brunelleschi, Lorenzo il Magnifico, Leonardo, Michelangelo, Caravaggio /

003 -Nazwa inst., której nr kontr. jest w polu 001 [,]
    • @
    • Nazwa instytucji, której n kontrolny jest w polu 001
    • NUKAT
005 -DATA I CZAS OSTATNIEJ MODYFIKACJI [,]
    • @
    • pole kontrolne
    • 20241231092207.0
020 -Międzynarod. znormalizowany nr książki - ISBN [ , ]
    • a
    • Numer ISBN
    • 9788858148938 Find
040 -Instytucja sporządzająca opis [ , ]
    • a
    • Instytucja, która sporządziła opis (NP)
    • SZCZ U/KP
    • b
    • Język katalogowania
    • pol
    • e
    • Zasady katalogowania
    • rda
    • c
    • Instytucja, która sporządziła rekord (NP)
    • SZCZ U/KPs
942 -Rodzaj dokumentu [ , ]
    • c
    • Rodzaj dokumentu
    • Książka
100 -Hasło główne - nazwa osobowa [1, ]
    • a
    • Nazwa osobowa (NP)
    • Balducci, Marino Alberto
    • d
    • Daty biograficzne (NP)
    • (1965- ).
    • e
    • Rodzaj współpracy
    • Autor
    • 9
    • KHW
    • 687527
245 -Strefa tytułu i oznaczenia odpowiedzialności [1,0]
    • a
    • Tytuł
    • Arte sacra e letteratura dal Rinascimento al Barocco : Find
    • b
    • Ciąg dalszy tytułu (NP)
    • Brunelleschi, Lorenzo il Magnifico, Leonardo, Michelangelo, Caravaggio / Find
    • c
    • Pozostałe elementy strefy tytułu i oznaczenia odpowiedzialności (NP)
    • Marino Alberto Balducci ; presentacione di Giuseppina Carla Romby.
250 -Strefa wydania [ , ]
    • a
    • Oznaczenie wydania (NP)
    • Prima edizione.
260 -Strefa adresu wydawniczego [ , ]
    • a
    • Miejsce wydania (P)
    • Bari ;
    • a
    • Miejsce wydania (P)
    • Roma :
    • b
    • Nazwa wydawcy (P)
    • Editione Laterza,
    • c
    • Data wydania (P)
    • 2022.
300 -Strefa opisu fizycznego [ , ]
    • a
    • Określenie formy książki i/lub objętość (NP)
    • XV, [1], 171, [1] :
    • b
    • Oznaczenie ilustracji (NP)
    • ilustracje ;
    • c
    • Format (NP)
    • 21 cm.
336 -Typ zawartości [ , ]
    • a
    • Termin opisujący typ zawartości
    • Tekst
    • b
    • Kod określający zawartość
    • txt
    • 2
    • Źródło (terminu i kodu)
    • rdacontent
337 -Typ mediów [ , ]
    • a
    • Tryb odtwarzania
    • Bez urządzenia pośredniczącego
    • b
    • Kod typu mediów
    • n
    • 2
    • Źródło (terminu i kodu)
    • rdamedia
338 -Typ/rodzaj nośnika [ , ]
    • a
    • Hasło opisujące typ nośnika
    • Wolumin
    • b
    • Kod typu nośnika
    • nc
    • 2
    • Źródło (terminu i kodu)
    • rdacarrier
490 -Strefa serii i książki wielotomowej - forma nie do wyszukiwania [1, ]
    • a
    • Tytuł (P)
    • Itinerari laterza Find
830 -Hasło dodatkowe serii i opisu książki wielotomowej - tytuł ujednolicony/tytuł [ ,0]
    • a
    • Tytuł ujednolicony/tytuł (NP)
    • Itinerari Laterza
    • 9
    • KHW
    • 687529
500 -Uwaga ogólna [ , ]
    • a
    • Uwaga ogólna (NP)
    • Na stronie redakcyjnej plan 6 dodruków do 2027 roku.
504 -Uwaga dot. bibliogr. załącznikowej [ , ]
    • a
    • Uwaga dot. bibliografii załącznikowej
    • Bibliografia po rozdziałach. Indeks.
600 -Hasło przedmiotowe w formie nazwy osobowej [1,7]
    • a
    • Nazwa osobowa
    • Brunelleschi, Filippo
    • d
    • Daty związane z nazwą
    • (1377-1446)
    • x
    • Określnik rzeczowy
    • krytyka i interpretacja.
    • 2
    • Źródło terminu
    • kaba
    • 9
    • KHW
    • 687654
600 -Hasło przedmiotowe w formie nazwy osobowej [0,7]
    • a
    • Nazwa osobowa
    • Leonardo da Vinci
    • d
    • Daty związane z nazwą
    • (1452-1519)
    • x
    • Określnik rzeczowy
    • estetyka.
    • 2
    • Źródło terminu
    • kaba
    • 9
    • KHW
    • 687652
600 -Hasło przedmiotowe w formie nazwy osobowej [1,7]
    • a
    • Nazwa osobowa
    • Buonarroti, Michelangelo
    • d
    • Daty związane z nazwą
    • (1475-1564)
    • x
    • Określnik rzeczowy
    • krytyka i interpretacja.
    • 2
    • Źródło terminu
    • kaba
    • 9
    • KHW
    • 504359
600 -Hasło przedmiotowe w formie nazwy osobowej [0,7]
    • a
    • Nazwa osobowa
    • Caravaggio
    • d
    • Daty związane z nazwą
    • (1573-1610)
    • x
    • Określnik rzeczowy
    • krytyka i interpretacja.
    • 2
    • Źródło terminu
    • kaba
    • 9
    • KHW
    • 351244
650 -Hasło przedmiotowe [ ,7]
    • a
    • Hasło przedmiotowe
    • Sztuka sakralna
    • z
    • Określnik geograficzny
    • Włochy
    • y
    • Określnik chronologiczny
    • 15 w.
    • 2
    • Źródło terminu
    • kaba
    • 9
    • KHW
    • 687655
650 -Hasło przedmiotowe [ ,7]
    • a
    • Hasło przedmiotowe
    • Sztuka sakralna
    • z
    • Określnik geograficzny
    • Włochy
    • y
    • Określnik chronologiczny
    • 16 w.
    • 2
    • Źródło terminu
    • kaba
    • 9
    • KHW
    • 687653
650 -Hasło przedmiotowe [ ,7]
    • a
    • Hasło przedmiotowe
    • Literatura włoska
    • y
    • Określnik chronologiczny
    • 15 w.
    • x
    • Określnik rzeczowy
    • historia i krytyka.
    • 2
    • Źródło terminu
    • kaba
    • 9
    • KHW
    • 368261
650 -Hasło przedmiotowe [ ,7]
    • a
    • Hasło przedmiotowe
    • Literatura włoska
    • y
    • Określnik chronologiczny
    • 16 w.
    • x
    • Określnik rzeczowy
    • historia i krytyka.
    • 2
    • Źródło terminu
    • kaba
    • 9
    • KHW
    • 407894
700 -Hasło dodatkowe - nazwa osobowa [1, ]
    • a
    • Nazwa osobowa (NP)
    • Romby, Giuseppina Carla. Find
    • e
    • Określenie rodzaju współpracy
    • Autor
    • 9
    • KHW
    • 687528
710 -Hasło dodatkowe - nazwa ciała zbiorowego [2, ]
    • a
    • Nazwa ciała zbiorowego lub nazwa geograficzna jako pierwszy element (NP)
    • Editori Laterza.
    • e
    • Rodzaj współpracy
    • Wydawca
    • 4
    • Kod relacji
    • pbl
    • 9
    • KHW
    • 396187
920 -ISBN [ , ]
    • a
    • ISBN
    • 978-88-581-4893-8 Find
Status udost. Sygnatura Lokalizacja Data inwentaryzacji Numer inwentarzowy
1 WŁ. Literaturoznawstwo 23BM2023-06-14P.30584
-3 Wł. Literaturoznawstwo 14BM2024-04-23BJM.3979